Evaluación de impacto ambiental del mejoramiento del camino La Paz Centro- Empalme de Puerto Sandino Longitud 15.48 km

Evaluar los impactos que se pueden generar sobre el medio ambiente y los recursos naturales físico, biótico y social tanto en la etapa de ejecución como de operación y mantenimiento; definiendo medidas de prevención, mitigación corrección y compensacion ambiental y social que garanticen la v...

Full description

Bibliographic Details
Main Authors: Ferrufino Villalobos, Juan Asunción, Calero Valdivia, Kadir Joel
Other Authors: Tutor: Castro Alfaro, María José
Format: Tesis Section = Libro
Language:Undetermined
Spanish
Published: Managua UNI 2018
Subjects:
LEADER 01260nam a2200265Ia 4500
008 240830s9999 xx 000 0 und d
040 |a BIBLIOTECA-RUPAP Mon 333.14 F398 
041 |a spa 
082 |a Mon 333.14 F398 
100 1 |a Ferrufino Villalobos, Juan Asunción 
100 1 |b  Calero Valdivia, Kadir Joel 
245 1 0 |a Evaluación de impacto ambiental del mejoramiento del camino La Paz Centro- Empalme de Puerto Sandino Longitud 15.48 km 
260 |a Managua  |b UNI  |c 2018 
300 |a 128 p. :il. 
500 |a contiene: anexos y CD. 
502 |a Tesis (Ingeniero Civil)- UNI, 2018. 
520 3 |a Evaluar los impactos que se pueden generar sobre el medio ambiente y los recursos naturales físico, biótico y social tanto en la etapa de ejecución como de operación y mantenimiento; definiendo medidas de prevención, mitigación corrección y compensacion ambiental y social que garanticen la viabilidad ambiental- social de proyecto y el desarrollo sostenible. 
650 7 |a IMPACTO AMBIENTAL 
650 7 |b POLITICA AMBIENTAL 
650 7 |c PLAN DE GESTIÓN AMBIENTAL 
650 7 |d CONSTRUCCIÓN DE CARRETERAS-ASPECTOS AMBIENTAL 
700 1 |a Tutor:  |b Castro Alfaro, María José 
942 |c BK  |2 ddc 
991 |a TESIS 
999 |c 15398